[Event "Mittelfranken-chTB1 1718"]
[Site "Mittelfranken"]
[Date "2017.11.19"]
[Round "3.2"]
[White "Rausch, Wolfgang"]
[Black "Wohlfahrt, Frank"]
[Result "0-1"]
[WhiteElo "2038"]
[BlackElo "1964"]
[PlyCount "52"]
[EventDate "2017.10.08"]
[EventType "team-tourn"]
[EventRounds "9"]
[EventCountry "GER"]
[SourceTitle "EXT 2022"]
[Source "ChessBase"]
[SourceDate "2021.10.06"]
[SourceVersion "1"]
[SourceVersionDate "2021.10.06"]
[SourceQuality "1"]
[WhiteTeam "Lauf SV"]
[BlackTeam "Erlangen Siemens"]
[WhiteTeamCountry "GER"]
[BlackTeamCountry "GER"]

1. d4 c5 2. d5 Nf6 3. Nc3 g6 4. e4 d6 5. f4 Bg7 6. Bb5+ Nfd7 7. Nf3 0-0 8. a4 Na6 9. 0-0 Nc7 10. Be2 Rb8 11. Bd2 b6 12. Be1 a6 13. Bg3 f5 14. e5 b5 15. axb5 axb5 16. Qd2 b4 17. Nd1 Nb6 18. c4 bxc3 19. Nxc3 Bb7 20. Ra7 Ncxd5 21. Nxd5 Bxd5 22. Bh4 Rb7 23. Rxb7 Bxb7 24. exd6 Qxd6 25. Qxd6 exd6 26. Be7 Re8 0-1

[Event "Mittelfranken-chTB2a 1617"]
[Site "Mittelfranken"]
[Date "2016.10.23"]
[Round "1.2"]
[White "Wohlfahrt, Frank"]
[Black "Muskat, Gunter"]
[Result "1-0"]
[WhiteElo "1964"]
[BlackElo "1961"]
[PlyCount "63"]
[EventDate "2016.10.23"]
[EventType "team-tourn"]
[EventRounds "9"]
[EventCountry "GER"]
[SourceTitle "EXT 2022"]
[Source "ChessBase"]
[SourceDate "2021.10.06"]
[SourceVersion "1"]
[SourceVersionDate "2021.10.06"]
[SourceQuality "1"]
[WhiteTeam "Erlangen Siemens"]
[BlackTeam "Buechenbach/Roth II"]
[WhiteTeamCountry "GER"]
[BlackTeamCountry "GER"]

1. Nf3 d5 2. b3 Nf6 3. Bb2 Bg4 4. g3 Nbd7 5. Bg2 c6 6. 0-0 Qc7 7. c4 dxc4 8. bxc4 e5 9. h3 Be6 10. Qc2 Be7 11. Ng5 Nc5 12. Nxe6 Nxe6 13. e3 h5 14. Nc3 Rd8 15. Rfd1 h4 16. g4 Nc5 17. g5 Nh5 18. d4 exd4 19. exd4 Ne6 20. g6 0-0 21. gxf7+ Rxf7 22. Ne2 Nhf4 23. Nxf4 Nxf4 24. Bf1 Rdf8 25. Rd2 Bg5 26. Ba3 Nxh3+ 27. Bxh3 Rxf2 28. Be6+ Kh8 29. Rxf2 Qg3+ 30. Kf1 Rxf2+ 31. Qxf2 Qd3+ 32. Qe2 1-0

[Event "Mittelfranken-chTB1 1415"]
[Site "Mittelfranken"]
[Date "2014.10.12"]
[Round "2.2"]
[White "Wohlfahrt, Frank"]
[Black "Sattler, Stefan"]
[Result "0-1"]
[WhiteElo "1973"]
[BlackElo "2048"]
[PlyCount "78"]
[EventDate "2014.09.29"]
[EventType "team-tourn"]
[EventRounds "9"]
[EventCountry "GER"]
[SourceTitle "EXT 2020"]
[Source "ChessBase"]
[SourceDate "2019.10.17"]
[SourceVersion "1"]
[SourceVersionDate "2019.10.17"]
[SourceQuality "1"]
[WhiteTeam "Siemens Erlangen"]
[BlackTeam "Herzogenaurach"]
[WhiteTeamCountry "GER"]
[BlackTeamCountry "GER"]

1. d4 d5 2. c4 c6 3. Nc3 Nf6 4. Nf3 a6 5. cxd5 cxd5 6. Bg5 e6 7. e3 Be7 8. Bd3 Nc6 9. 0-0 b5 10. Rc1 Bd7 11. Bb1 Rc8 12. Ne1 Na5 13. Bxf6 Bxf6 14. Nd3 Be7 15. Nf4 b4 16. Nce2 Bb5 17. Rxc8 Qxc8 18. b3 0-0 19. Re1 Nb7 20. e4 dxe4 21. Bxe4 Nd6 22. Bb1 Rd8 23. Ng3 Ne8 24. Ngh5 g6 25. d5 Qc5 26. Qg4 Qc3 27. Rd1 f5 28. Qg3 Qxg3 29. Nxg3 e5 30. Ne6 Rd7 31. Bc2 Nf6 32. Nf1 Rxd5 33. Re1 Bxf1 34. Kxf1 Rd2 35. Bb1 e4 36. h3 Nd5 37. g4 Kf7 38. Bxe4 fxe4 39. Rxe4 Nc3 0-1

[Event "Mittelfranken-chTB2b 1314"]
[Site "Mittelfranken"]
[Date "2014.01.26"]
[Round "5.1"]
[White "Fink, Martin"]
[Black "Wohlfahrt, Frank"]
[Result "1/2-1/2"]
[WhiteElo "1836"]
[BlackElo "1973"]
[PlyCount "79"]
[EventDate "2013.10.20"]
[EventType "team-tourn"]
[EventRounds "9"]
[EventCountry "GER"]
[SourceTitle "EXT 2020"]
[Source "ChessBase"]
[SourceDate "2019.10.17"]
[SourceVersion "1"]
[SourceVersionDate "2019.10.17"]
[SourceQuality "1"]
[WhiteTeam "Heideck/Hilpoltstein"]
[BlackTeam "Siemens Erlangen"]
[WhiteTeamCountry "GER"]
[BlackTeamCountry "GER"]

1. e4 c5 2. Nf3 a6 3. d4 cxd4 4. Nxd4 Nf6 5. Nc3 e5 6. Nf5 d5 7. Bg5 d4 8. Bxf6 gxf6 9. Nb1 Be6 10. c3 Qb6 11. Qc2 Nc6 12. Be2 h5 13. 0-0 Bxf5 14. exf5 0-0-0 15. cxd4 Rxd4 16. Nd2 Kb8 17. a3 h4 18. Bf3 Bh6 19. Ne4 Rc8 20. Nc3 Rcd8 21. Bxc6 Qxc6 22. h3 Rg8 23. f4 Bxf4 24. Rad1 Be3+ 25. Kh1 Rg3 26. Kh2 Rxd1 27. Rxd1 Bf4 28. Kg1 Be3+ 29. Kh2 Bd4 30. Qd2 Bxc3 31. bxc3 Rg8 32. Qd6+ Qxd6 33. Rxd6 e4 34. Rxf6 e3 35. Kg1 e2 36. Kf2 Rxg2+ 37. Ke1 Rg3 38. Kxe2 Rxh3 39. Kd2 Rf3 40. Rxf7 1/2-1/2

[Event "Mittelfranken-chTB2b 1314"]
[Site "Mittelfranken"]
[Date "2014.01.12"]
[Round "4.1"]
[White "Wohlfahrt, Frank"]
[Black "Spiegelhauer, Tilmann"]
[Result "1-0"]
[WhiteElo "1973"]
[BlackElo "1702"]
[PlyCount "44"]
[EventDate "2013.10.20"]
[EventType "team-tourn"]
[EventRounds "9"]
[EventCountry "GER"]
[SourceTitle "EXT 2020"]
[Source "ChessBase"]
[SourceDate "2019.10.17"]
[SourceVersion "1"]
[SourceVersionDate "2019.10.17"]
[SourceQuality "1"]
[WhiteTeam "Siemens Erlangen"]
[BlackTeam "Uttenreuth"]
[WhiteTeamCountry "GER"]
[BlackTeamCountry "GER"]

1. d4 d5 2. c4 e6 3. Nc3 Nf6 4. Bg5 Nbd7 5. e3 c6 6. Qc2 Qa5 7. cxd5 Nxd5 8. Bh4 Bb4 9. Nge2 b5 10. e4 N5f6 11. f3 Bb7 12. Nc1 c5 13. Nb3 Qa4 14. Qd2 Bxc3 15. bxc3 c4 16. Nc1 h6 17. Be2 g5 18. Bf2 g4 19. Bh4 gxf3 20. Bxf3 Nxe4 21. Qf4 f5 22. Qc7 Qa6 1-0

[Event "Mittelfranken-chTB2b 1314"]
[Site "Mittelfranken"]
[Date "2013.12.01"]
[Round "3.1"]
[White "Ahmels, Christian"]
[Black "Wohlfahrt, Frank"]
[Result "0-1"]
[WhiteElo "2082"]
[BlackElo "1973"]
[PlyCount "80"]
[EventDate "2013.10.20"]
[EventType "team-tourn"]
[EventRounds "9"]
[EventCountry "GER"]
[SourceTitle "EXT 2020"]
[Source "ChessBase"]
[SourceDate "2019.10.17"]
[SourceVersion "1"]
[SourceVersionDate "2019.10.17"]
[SourceQuality "1"]
[WhiteTeam "Muehlhof/Schwabach"]
[BlackTeam "Siemens Erlangen"]
[WhiteTeamCountry "GER"]
[BlackTeamCountry "GER"]

1. e4 c5 2. Nf3 a6 3. d4 cxd4 4. Nxd4 Nf6 5. Nc3 e5 6. Nb3 Be7 7. g3 d6 8. Bg2 0-0 9. 0-0 Re8 10. a4 Be6 11. Nd5 Nxd5 12. exd5 Bf5 13. a5 Nd7 14. f4 exf4 15. Rxf4 Bg6 16. h4 h6 17. Nd4 Bf6 18. Nf5 Be5 19. Bh3 Bxf4 20. Bxf4 Ne5 21. Ne3 Be4 22. Ra4 Nf3+ 23. Kf2 Nxh4 24. Qh5 Ng6 25. Be6 fxe6 26. Rxe4 Nxf4 27. Rxf4 e5 28. Qf7+ Kh7 29. Nf5 Re7 30. Nxe7 exf4 31. Qf5+ Kh8 32. Ng6+ Kg8 33. Qe6+ Kh7 34. Ne7 fxg3+ 35. Kxg3 Qe8 36. Qe4+ Kh8 37. Ng6+ Kg8 38. Ne7+ Kf8 39. Ng6+ Kf7 40. Qf5+ Kg8 0-1

[Event "Mittelfranken-chTB2b 1314"]
[Site "Mittelfranken"]
[Date "2013.11.17"]
[Round "2.1"]
[White "Wohlfahrt, Frank"]
[Black "Moesl, Sebastian"]
[Result "1-0"]
[WhiteElo "1973"]
[BlackElo "1806"]
[PlyCount "83"]
[EventDate "2013.10.20"]
[EventType "team-tourn"]
[EventRounds "9"]
[EventCountry "GER"]
[SourceTitle "EXT 2020"]
[Source "ChessBase"]
[SourceDate "2019.10.17"]
[SourceVersion "1"]
[SourceVersionDate "2019.10.17"]
[SourceQuality "1"]
[WhiteTeam "Siemens Erlangen"]
[BlackTeam "Neumarkt"]
[WhiteTeamCountry "GER"]
[BlackTeamCountry "GER"]

1. d4 Nf6 2. c4 g6 3. Nc3 Bg7 4. e4 d6 5. g3 0-0 6. Bg2 Nc6 7. Nge2 a6 8. 0-0 Rb8 9. h3 e5 10. d5 Na5 11. Qd3 b6 12. Bg5 Bd7 13. b4 Nb7 14. f4 exf4 15. gxf4 Qc8 16. Rae1 Nh5 17. f5 h6 18. Be7 Re8 19. f6 Bf8 20. Bxf8 Rxf8 21. Nd4 Qe8 22. e5 dxe5 23. Nf3 Qd8 24. Nxe5 Bf5 25. Rxf5 gxf5 26. Qxf5 Nxf6 27. Ne4 Nh7 28. Re3 Kh8 29. Qxf7 Rxf7 30. Nxf7+ Kg7 31. Nxd8 Rxd8 32. Ng3 Rd7 33. Re6 Nd6 34. c5 bxc5 35. bxc5 Nb5 36. Nf5+ Kf7 37. Rxa6 Nc3 38. Nxh6+ Kg7 39. Nf5+ Kf7 40. d6 cxd6 41. c6 Rc7 42. Nxd6+ 1-0

[Event "Mittelfranken-chTB2b 1213"]
[Site "Germany"]
[Date "2013.01.27"]
[Round "1.1"]
[White "Wohlfahrt, Frank"]
[Black "Moesl, Sebastian"]
[Result "1-0"]
[WhiteElo "1976"]
[BlackElo "1819"]
[PlyCount "81"]
[EventDate "2012.10.07"]
[EventType "team-tourn"]
[EventRounds "9"]
[EventCountry "GER"]
[SourceTitle "EXT 2019"]
[Source "ChessBase"]
[SourceDate "2018.10.10"]
[SourceVersion "1"]
[SourceVersionDate "2018.10.10"]
[SourceQuality "1"]
[WhiteTeam "Erlangen Siemens"]
[BlackTeam "Neumarkt"]
[WhiteTeamCountry "GER"]
[BlackTeamCountry "GER"]

1. d4 Nf6 2. c4 g6 3. Nf3 Bg7 4. g3 d6 5. Bg2 c6 6. Nc3 a6 7. a4 0-0 8. 0-0 Qc7 9. e4 Bg4 10. h3 Bxf3 11. Qxf3 Nbd7 12. Be3 Rab8 13. a5 b6 14. axb6 Rxb6 15. Rfb1 Rfb8 16. Qe2 Qb7 17. e5 Ne8 18. Na4 Rb3 19. f4 Nc7 20. Bf2 Nb6 21. Nxb6 Qxb6 22. c5 dxc5 23. dxc5 Qb7 24. Ra2 Bf8 25. Rd1 Ne6 26. Qxa6 Rxb2 27. Qxb7 R2xb7 28. Kh2 Rc8 29. Rdd2 Rb5 30. Rdc2 Nd8 31. Ra6 e6 32. Bf3 Be7 33. Kg2 Kf8 34. Rca2 Bxc5 35. Be2 Bxf2 36. Bxb5 cxb5 37. Kxf2 Rb8 38. Ra8 Rxa8 39. Rxa8 Ke7 40. Ra7+ Ke8 41. Rc7 1-0

[Event "Mittelfranken-chTB2b 1112"]
[Site "Germany"]
[Date "2012.03.11"]
[Round "8.1"]
[White "Pokorny, Klaus"]
[Black "Wohlfahrt, Frank"]
[Result "0-1"]
[WhiteElo "1838"]
[BlackElo "1984"]
[PlyCount "24"]
[EventDate "2011.09.25"]
[EventType "team-tourn"]
[EventRounds "9"]
[EventCountry "GER"]
[SourceTitle "EXT 2018"]
[Source "ChessBase"]
[SourceDate "2017.10.13"]
[SourceVersion "1"]
[SourceVersionDate "2017.10.13"]
[SourceQuality "1"]
[WhiteTeam "Kirchehrenbach/Ebermannstadt"]
[BlackTeam "Erlangen Siemens"]
[WhiteTeamCountry "GER"]
[BlackTeamCountry "GER"]

1. c4 e5 2. g3 f5 3. Nc3 Nf6 4. Bg2 Nc6 5. d3 Bb4 6. e3 Bxc3+ 7. bxc3 Qe7 8. Qa4 0-0 9. Ne2 d6 10. Bxc6 bxc6 11. Qxc6 Rb8 12. c5 Bb7 0-1

[Event "Mittelfranken-chTB2b 1112"]
[Site "Germany"]
[Date "2011.11.20"]
[Round "3.1"]
[White "Ahmels, Christian"]
[Black "Wohlfahrt, Frank"]
[Result "1-0"]
[WhiteElo "2056"]
[BlackElo "1985"]
[PlyCount "43"]
[EventDate "2011.09.25"]
[EventType "team-tourn"]
[EventRounds "9"]
[EventCountry "GER"]
[SourceTitle "EXT 2013"]
[Source "ChessBase"]
[SourceDate "2012.11.22"]
[SourceVersion "1"]
[SourceVersionDate "2012.11.22"]
[SourceQuality "1"]
[WhiteTeam "Muehlhof/Schwabach"]
[BlackTeam "Erlangen Siemens"]
[WhiteTeamCountry "GER"]
[BlackTeamCountry "GER"]

1. e4 e5 2. Nf3 d6 3. d4 Nd7 4. Bc4 c6 5. 0-0 Be7 6. a4 h6 7. Nc3 Ngf6 8. Qe2 0-0 9. Rd1 Qc7 10. dxe5 dxe5 11. Nh4 Re8 12. Nf5 Bf8 13. Qf3 Nb6 14. Bb3 Bxf5 15. Qxf5 Nc8 16. Bxh6 Nd6 17. Qf3 Ndxe4 18. Nxe4 Nxe4 19. Qxe4 gxh6 20. Qg4+ Kh8 21. Rd7 Qc8 22. Bxf7 1-0

[Event "Forchheim op 10th"]
[Site "Forchheim"]
[Date "2011.10.08"]
[Round "2"]
[White "Wohlfahrt, Frank"]
[Black "Vuckovic, Aleksandar"]
[Result "0-1"]
[WhiteElo "2022"]
[BlackElo "2328"]
[PlyCount "60"]
[EventDate "2011.10.07"]
[EventType "swiss"]
[EventRounds "5"]
[EventCountry "GER"]
[SourceTitle "CBM 144 Extra"]
[Source "ChessBase"]
[SourceDate "2011.10.28"]
[SourceVersion "1"]
[SourceVersionDate "2011.10.28"]
[SourceQuality "1"]

1. e4 c5 2. Nc3 Nc6 3. g3 g6 4. Bg2 Bg7 5. f4 Rb8 6. Nf3 b5 7. 0-0 b4 8. Ne2 d6 9. Kh1 Nf6 10. d3 0-0 11. h3 Bd7 12. g4 c4 13. Ng3 cxd3 14. cxd3 Qa5 15. d4 b3 16. a3 Qa6 17. Be3 Na5 18. Nd2 Bb5 19. Rf2 Bd3 20. f5 Nd7 21. Bf1 Bxf1 22. Qxf1 Qxf1+ 23. Raxf1 Nb6 24. Nf3 Rfc8 25. Bg5 Rb7 26. Be3 Nac4 27. Bf4 Na4 28. g5 Naxb2 29. f6 exf6 30. gxf6 Nd3 0-1

[Event "Forchheim op 9th"]
[Site "Forchheim"]
[Date "2010.10.03"]
[Round "4"]
[White "Wohlfahrt, Frank"]
[Black "Osmanovic, Faruk"]
[Result "0-1"]
[WhiteElo "2023"]
[BlackElo "2118"]
[PlyCount "120"]
[EventDate "2010.10.01"]
[EventType "swiss"]
[EventRounds "5"]
[EventCountry "GER"]
[SourceTitle "CBM 138 Extra"]
[Source "ChessBase"]
[SourceDate "2010.10.29"]
[SourceVersion "1"]
[SourceVersionDate "2010.10.29"]
[SourceQuality "1"]

1. Nf3 e6 2. c4 d5 3. d4 Be7 4. Bf4 Nf6 5. e3 Nh5 6. Nc3 Nxf4 7. exf4 0-0 8. Bd3 dxc4 9. Bxc4 Nc6 10. 0-0 Bf6 11. Ne2 Qd6 12. Bd3 Rd8 13. Ng5 Bxg5 14. fxg5 g6 15. Ng3 Qxd4 16. Be4 Qxb2 17. Qg4 Rd4 18. Qf3 Rd6 19. Rfe1 Bd7 20. Rab1 Qd2 21. h4 Ne5 22. Qb3 Rb6 23. Qa3 Qd6 24. Qc3 Rxb1 25. Rxb1 Rb8 26. f4 Ng4 27. Bf3 Qxf4 28. Bxg4 Qxg4 29. Qxc7 Qd4+ 30. Kh1 Qxh4+ 31. Kg1 Qd4+ 32. Kh1 Rc8 33. Qxb7 Qh4+ 34. Kg1 Rd8 35. Ne4 Be8 36. Rf1 Kf8 37. Qb4+ Kg7 38. Qc3+ Kg8 39. Nf6+ Kf8 40. Qc5+ Kg7 41. Nxe8+ Rxe8 42. Qxa7 Rf8 43. Qc5 Qe4 44. a3 e5 45. Rd1 Re8 46. Qc3 Qg4 47. Qd2 Rc8 48. Rb1 Qd4+ 49. Qxd4 exd4 50. Rb4 Rd8 51. Kf2 Rd5 52. a4 d3 53. Ke1 Rxg5 54. g4 Rd5 55. Kd2 h6 56. Rf4 g5 57. Rf5 Rd4 58. a5 Rxg4 59. Kxd3 Kg6 60. Rc5 Ra4 0-1

[Event "Stare Mesto op"]
[Site "Stare Mesto"]
[Date "2007.08.18"]
[Round "10"]
[White "Brandi, Flaviano"]
[Black "Wohlfahrt, Frank"]
[Result "1/2-1/2"]
[WhiteElo "2003"]
[BlackElo "2038"]
[PlyCount "30"]
[EventDate "2007.08.10"]
[EventType "swiss"]
[EventRounds "10"]
[EventCountry "CZE"]
[SourceTitle "CBM 119 Extra"]
[Source "ChessBase"]
[SourceDate "2007.09.04"]
[SourceVersion "1"]
[SourceVersionDate "2007.09.04"]
[SourceQuality "1"]

1. e4 c5 2. Nf3 Nc6 3. d4 cxd4 4. Nxd4 Nf6 5. Nc3 d6 6. Bc4 Qb6 7. Nb3 e6 8. 0-0 Be7 9. Be3 Qc7 10. Be2 a6 11. a4 Bd7 12. a5 Rc8 13. f4 0-0 14. Bf3 Nb4 15. Kh1 Rfe8 1/2-1/2

[Event "Passau op 8th"]
[Site "Passau"]
[Date "2000.04.24"]
[Round "7"]
[White "Fuchs, Michael"]
[Black "Wohlfahrt, Frank"]
[Result "1-0"]
[WhiteElo "2056"]
[BlackElo "1861"]
[PlyCount "79"]
[EventDate "2000.04.21"]
[EventType "swiss"]
[EventRounds "7"]
[EventCountry "GER"]
[SourceTitle "CBM 076 Extra"]
[Source "ChessBase"]
[SourceDate "2000.07.11"]
[SourceVersion "1"]
[SourceVersionDate "2000.07.11"]
[SourceQuality "1"]

1. d4 d5 2. Nf3 c6 3. c4 e6 4. e3 f5 5. Nc3 Nf6 6. Bd3 Bd6 7. Qc2 a6 8. 0-0 0-0 9. c5 Bc7 10. Ne5 Bxe5 11. dxe5 Nfd7 12. Na4 Nxe5 13. Nb6 Ra7 14. Nxc8 Qxc8 15. Be2 Nbd7 16. Bd2 Ra8 17. b4 Qc7 18. h3 Nf6 19. f3 Ng6 20. Bd3 Nh5 21. Bc3 Ng3 22. Rfe1 e5 23. Qf2 e4 24. f4 Nh5 25. Bc2 Nhxf4 26. exf4 Nxf4 27. Rad1 Rf7 28. Kh1 Nh5 29. Qh4 Ng3+ 30. Kg1 f4 31. Rd2 Raf8 32. Rf2 g6 33. Bd1 h5 34. Qg5 Kh7 35. Be5 e3 36. Rxf4 Rxf4 37. Qxf4 Rxf4 38. Bxc7 Rxb4 39. Bxg3 Rb1 40. Bb3 1-0

[Event "Passau op 8th"]
[Site "Passau"]
[Date "2000.04.21"]
[Round "1"]
[White "Wohlfahrt, Frank"]
[Black "Hellmayr, Alois"]
[Result "0-1"]
[WhiteElo "1861"]
[BlackElo "2281"]
[PlyCount "126"]
[EventDate "2000.04.21"]
[EventType "swiss"]
[EventRounds "7"]
[EventCountry "GER"]
[SourceTitle "CBM 076 Extra"]
[Source "ChessBase"]
[SourceDate "2000.07.11"]
[SourceVersion "1"]
[SourceVersionDate "2000.07.11"]
[SourceQuality "1"]

1. c4 g6 2. Nc3 Bg7 3. d4 d6 4. Nf3 c6 5. g3 Nd7 6. Bg2 Nh6 7. Bg5 Qb6 8. Qd2 Nf5 9. Rd1 h6 10. Be3 Nxe3 11. fxe3 0-0 12. d5 Ne5 13. Nxe5 Bxe5 14. 0-0 Bd7 15. Rf2 Qb4 16. Rc1 c5 17. b3 a6 18. Be4 Kg7 19. Nb1 Qxd2 20. Nxd2 b5 21. Kg2 b4 22. h4 a5 23. h5 Bf6 24. hxg6 fxg6 25. Nf3 a4 26. Nh4 axb3 27. axb3 Be8 28. Bd3 Bf7 29. Rf4 h5 30. Rff1 Ra3 31. Rb1 Rfa8 32. e4 Be8 33. Nf3 Bd7 34. e5 Bxe5 35. Nxe5 dxe5 36. Be4 R8a6 37. Rfd1 Ra2 38. Re1 Rd2 39. Kf2 Raa2 40. Ra1 Rxe2+ 41. Rxe2 Rxa1 42. Rd2 Ra6 43. Ke3 Bf5 44. Rb2 Kf6 45. Rh2 Kg5 46. Bf3 Ra1 47. Rd2 Rb1 48. Bd1 Rc1 49. d6 Rc3+ 50. Kf2 exd6 51. Rxd6 Rd3 52. Rd5 Rxd5 53. cxd5 Kf6 54. Be2 Be4 55. Bc4 Ke7 56. Ke3 Bh1 57. d6+ Kxd6 58. Bf7 g5 59. Bxh5 Bd5 60. Bd1 c4 61. bxc4 Bxc4 62. Bc2 Ba2 63. Kf3 b3 0-1